[Event "Regency Masters 6th"]
[Site "Ramsgate"]
[Date "1984.12.13"]
[Round "6"]
[White "Kosten, Anthony C"]
[Black "Solomon, Stephen J"]
[Result "1/2-1/2"]
[WhiteElo "2420"]
[BlackElo "2250"]
[PlyCount "67"]
[EventDate "1984.12.08"]
[EventType "swiss"]
[EventRounds "9"]
[EventCountry "ENG"]
[SourceTitle "BritBase"]
[Source "John Saunders"]
[SourceDate "2020.09.07"]
[SourceVersion "1"]
[SourceVersionDate "2020.09.07"]
[SourceQuality "2"]

1. d4 Nf6 2. Nf3 e6 3. e3 b6 4. Bd3 Ba6 5. c4 d5 6. b3 Bb4+ 7. Bd2 Bd6 8. Nc3
O-O 9. e4 dxe4 10. Nxe4 Be7 11. O-O Bb7 12. Ng3 c5 13. Bc3 cxd4 14. Nxd4 Na6
15. Qe2 Nc5 16. Bc2 a6 17. Rad1 Qc7 18. b4 Ncd7 19. Bb3 Rfe8 20. a3 Bf8 21. Rd3
g6 22. Rfd1 Bg7 23. Qb2 Ne5 24. Nb5 Qc6 25. f3 Nxd3 26. Rxd3 axb5 27. Bxf6 Bxf6
28. Qxf6 bxc4 29. Nh5 gxh5 30. Qg5+ Kf8 31. Qh6+ Ke7 32. Qg5+ Kf8 33. Qh6+ Kg8
34. Qg5+ 1/2-1/2

[Event "Regency Masters 6th"]
[Site "Ramsgate"]
[Date "1984.12.13"]
[Round "6"]
[White "Kuijf, Marinus"]
[Black "Hodgson, Julian M"]
[Result "1-0"]
[WhiteElo "2335"]
[BlackElo "2450"]
[PlyCount "89"]
[EventDate "1984.12.08"]
[EventType "swiss"]
[EventRounds "9"]
[EventCountry "ENG"]
[SourceTitle "BritBase"]
[Source "John Saunders"]
[SourceDate "2020.09.07"]
[SourceVersion "1"]
[SourceVersionDate "2020.09.07"]
[SourceQuality "2"]

1. e4 c6 2. d4 d5 3. exd5 cxd5 4. c4 Nf6 5. Nc3 g6 6. cxd5 Bg7 7. Bc4 O-O 8.
Nge2 Nbd7 9. Bb3 Nb6 10. Nf4 Bf5 11. O-O Be4 12. Nxe4 Nxe4 13. Qd3 Nd6 14. Be3
Qd7 15. Rfc1 Rfc8 16. h3 Nf5 17. Rc5 Qd6 18. Rac1 Nxd4 19. Bxd4 Qxf4 20. Bxg7
Kxg7 21. Rxc8 Nxc8 22. Rc4 Qe5 23. Qc2 Nd6 24. Rc7 h5 25. h4 Rb8 26. g3 Qe1+
27. Kg2 a6 28. Qd3 Qe5 29. Qc3 Qxc3 30. bxc3 Kf6 31. Kf3 Rc8 32. Rxc8 Nxc8 33.
Ke3 Nd6 34. Kd4 b6 35. c4 Nb7 36. Bc2 Nc5 37. Bd1 e5+ 38. dxe6 Kxe6 39. Bf3 Kd6
40. Bd5 Ne6+ 41. Ke4 f6 42. Ke3 Ke5 43. f4+ Kf5 44. Bb7 a5 45. Bc8 1-0

[Event "Regency Masters 6th"]
[Site "Ramsgate"]
[Date "1984.12.13"]
[Round "6"]
[White "Lengyel, Levente"]
[Black "Blees, Albert"]
[Result "1/2-1/2"]
[WhiteElo "2400"]
[BlackElo "2275"]
[PlyCount "28"]
[EventDate "1984.12.08"]
[EventType "swiss"]
[EventRounds "9"]
[EventCountry "ENG"]
[SourceTitle "BritBase"]
[Source "John Saunders"]
[SourceDate "2020.09.07"]
[SourceVersion "1"]
[SourceVersionDate "2020.09.07"]
[SourceQuality "2"]

1. c4 Nf6 2. Nc3 c5 3. Nf3 e6 4. g3 b6 5. e4 Bb7 6. d3 d5 7. cxd5 exd5 8. e5
Nfd7 9. Qe2 Nc6 10. Bh3 d4 11. Nb5 Be7 12. Bf4 O-O 13. O-O a6 14. Na3 Kh8
1/2-1/2

[Event "Regency Masters 6th"]
[Site "Ramsgate"]
[Date "1984.12.13"]
[Round "6"]
[White "Nicholson, John G"]
[Black "De Boer, Gert Jan"]
[Result "1/2-1/2"]
[WhiteElo "2295"]
[BlackElo "2335"]
[PlyCount "47"]
[EventDate "1984.12.08"]
[EventType "swiss"]
[EventRounds "9"]
[EventCountry "ENG"]
[SourceTitle "BritBase"]
[Source "John Saunders"]
[SourceDate "2020.09.07"]
[SourceVersion "1"]
[SourceVersionDate "2020.09.07"]
[SourceQuality "2"]

1. e4 c5 2. Nf3 e6 3. d4 cxd4 4. Nxd4 Nf6 5. Nc3 d6 6. Be2 Be7 7. O-O O-O 8. f4
Nc6 9. Be3 a6 10. a4 Qc7 11. Kh1 Re8 12. Bd3 Nxd4 13. Bxd4 e5 14. Be3 exf4 15.
Rxf4 Be6 16. Bd4 Nd7 17. Nd5 Qd8 18. Bc4 Rc8 19. Ba2 Bg5 20. Rf3 Bh6 21. Rg3
Qh4 22. Qf3 Kh8 23. c3 Ne5 24. Bxe5 1/2-1/2

[Event "Regency Masters 6th"]
[Site "Ramsgate"]
[Date "1984.12.13"]
[Round "6"]
[White "Peelen, Piet"]
[Black "Mednis, Edmar J"]
[Result "1/2-1/2"]
[WhiteElo "2240"]
[BlackElo "2460"]
[PlyCount "85"]
[EventDate "1984.12.08"]
[EventType "swiss"]
[EventRounds "9"]
[EventCountry "ENG"]
[SourceTitle "BritBase"]
[Source "John Saunders"]
[SourceDate "2020.09.07"]
[SourceVersion "1"]
[SourceVersionDate "2020.09.07"]
[SourceQuality "2"]

1. Nf3 Nf6 2. g3 g6 3. Bg2 Bg7 4. O-O O-O 5. c4 d6 6. Nc3 c6 7. d4 Qa5 8. d5
Qb4 9. Qd3 Nbd7 10. a3 Qb6 11. b4 Qa6 12. Bb2 Ng4 13. dxc6 bxc6 14. b5 Qa5 15.
Rab1 Nde5 16. Nxe5 Nxe5 17. Qc2 Nxc4 18. Bxc6 Nxb2 19. Rxb2 Be6 20. Rc1 Rac8
21. Rb4 Qxa3 22. Ra4 Qc5 23. Qd2 Qb6 24. Ra6 Qd4 25. Qxd4 Bxd4 26. e3 Bxc3 27.
Rxc3 Rc7 28. Rca3 Rb8 29. Rxa7 Rxa7 30. Rxa7 Bc4 31. Rxe7 Bxb5 32. Bd5 Be8 33.
Kg2 Kf8 34. Ra7 Rb5 35. e4 Rb2 36. Ra6 Ke7 37. Ra7+ Kf6 38. h4 h6 39. Ra8 Ke7
40. Ra7+ Kf6 41. Ra8 Ke7 42. Kf3 Rc2 43. Ra7+ 1/2-1/2

[Event "Regency Masters 6th"]
[Site "Ramsgate"]
[Date "1984.12.13"]
[Round "6"]
[White "Ravikumar, Vaidyanathan"]
[Black "Martin, Andrew D"]
[Result "0-1"]
[WhiteElo "2385"]
[BlackElo "2445"]
[PlyCount "68"]
[EventDate "1984.12.08"]
[EventType "swiss"]
[EventRounds "9"]
[EventCountry "ENG"]
[SourceTitle "BritBase"]
[Source "John Saunders"]
[SourceDate "2020.09.07"]
[SourceVersion "1"]
[SourceVersionDate "2020.09.07"]
[SourceQuality "2"]

1. d4 Nf6 2. c4 e6 3. Nc3 Bb4 4. e3 O-O 5. Bd3 d5 6. a3 Bxc3+ 7. bxc3 c5 8.
cxd5 exd5 9. Ne2 b6 10. O-O Nc6 11. Ng3 Na5 12. f3 Re8 13. Ra2 cxd4 14. cxd4
Nb7 15. Re1 Be6 16. Rf2 Rc8 17. Bb1 Nd6 18. Qd3 Bd7 19. h3 g6 20. Bd2 Bb5 21.
Qb3 Bc4 22. Qb2 Ba6 23. e4 Nc4 24. Qa1 Nxd2 25. Rxd2 dxe4 26. fxe4 Nd5 27. Kh2
Qg5 28. Rc2 Ne3 29. Rc3 Nxg2 30. Rg1 Nh4 31. Qb2 Rxc3 32. Qxc3 Rc8 33. Qb3 Qd2+
34. Kh1 Rc1 0-1

[Event "Regency Masters 6th"]
[Site "Ramsgate"]
[Date "1984.12.13"]
[Round "6"]
[White "Shamkovich, Leonid"]
[Black "Littlewood, Paul E"]
[Result "1/2-1/2"]
[WhiteElo "2455"]
[BlackElo "2435"]
[PlyCount "94"]
[EventDate "1984.12.08"]
[EventType "swiss"]
[EventRounds "9"]
[EventCountry "ENG"]
[SourceTitle "BritBase"]
[Source "John Saunders"]
[SourceDate "2020.09.07"]
[SourceVersion "1"]
[SourceVersionDate "2020.09.07"]
[SourceQuality "2"]

1. d4 Nf6 2. c4 e6 3. Nf3 c5 4. d5 exd5 5. cxd5 d6 6. Nc3 g6 7. Bf4 Bg7 8. Qa4+
Bd7 9. Qb3 Qc7 10. h3 O-O 11. e3 a6 12. a4 Bf5 13. Nd2 g5 14. Bxg5 Nbd7 15. Be2
b5 16. axb5 axb5 17. O-O b4 18. Nb5 Qb6 19. Bf4 Ne5 20. Rxa8 Rxa8 21. Na3 Qd8
22. Nab1 Ra1 23. Bg5 h6 24. Bh4 Bd7 25. e4 Ba4 26. Qe3 Bc2 27. b3 Ng6 28. Bg3
Qe7 29. Bf3 Ne5 30. Rc1 Nxf3+ 31. gxf3 Ra2 32. Qf4 Ne8 33. Nc4 Bxb3 34. Nxd6
Nxd6 35. Qxd6 Qg5 36. f4 Qh5 37. Qxc5 Bc2 38. Qxb4 Rb2 39. Qe1 Qxh3 40. e5 h5
41. Na3 Bb3 42. Qe4 h4 43. e6 hxg3 44. exf7+ Kxf7 45. Rc7+ Kg8 46. Qe8+ Kh7 47.
Qe4+ Kg8 1/2-1/2

[Event "Regency Masters 6th"]
[Site "Ramsgate"]
[Date "1984.12.13"]
[Round "6"]
[White "Singh, PK.."]
[Black "Gil Capape, Javier"]
[Result "1/2-1/2"]
[WhiteElo "2260"]
[BlackElo "2175"]
[PlyCount "88"]
[EventDate "1984.12.08"]
[EventType "swiss"]
[EventRounds "9"]
[EventCountry "ENG"]
[SourceTitle "BritBase"]
[Source "John Saunders"]
[SourceDate "2020.09.07"]
[SourceVersion "1"]
[SourceVersionDate "2020.09.07"]
[SourceQuality "2"]

1. e4 c6 2. d4 d5 3. Nd2 dxe4 4. Nxe4 Nf6 5. Nxf6+ gxf6 6. c3 Bf5 7. Ne2 Nd7 8.
Ng3 Bg6 9. h4 h5 10. Be2 Qa5 11. Bf4 e5 12. Be3 O-O-O 13. b4 Qc7 14. Bxh5 f5
15. Bxg6 fxg6 16. dxe5 Nxe5 17. Bd4 c5 18. bxc5 Bxc5 19. Ne2 Nc6 20. Bxh8 Rxd1+
21. Rxd1 Qe7 22. Bd4 Bxd4 23. cxd4 Nb4 24. h5 gxh5 25. Rxh5 Qe6 26. Kf1 a5 27.
a3 Nd5 28. Rh8+ Kc7 29. Rc1+ Kb6 30. Rb1+ Ka7 31. Rh7 Nb6 32. Rc7 Ka6 33. Rc5
Qa2 34. Rd1 Qxa3 35. Rxf5 Qb3 36. Rc1 Nc4 37. Rc5 b5 38. d5 Qd3 39. Rc6+ Kb7
40. Rc5 Kb6 41. Rc6+ Ka7 42. Rc7+ Ka6 43. Rc6+ Kb7 44. Rc5 Kb6 1/2-1/2

[Event "Regency Masters 6th"]
[Site "Ramsgate"]
[Date "1984.12.13"]
[Round "6"]
[White "Wright, Josie H"]
[Black "Smith, Robert W"]
[Result "1-0"]
[WhiteElo "1900"]
[BlackElo "2275"]
[PlyCount "117"]
[EventDate "1984.12.08"]
[EventType "swiss"]
[EventRounds "9"]
[EventCountry "ENG"]
[SourceTitle "BritBase"]
[Source "John Saunders"]
[SourceDate "2020.09.07"]
[SourceVersion "1"]
[SourceVersionDate "2020.09.07"]
[SourceQuality "2"]

1. e4 g6 2. d4 Bg7 3. c3 d6 4. Nf3 Nf6 5. Bd3 O-O 6. O-O Nc6 7. Bf4 Re8 8. Re1
e5 9. Bg3 Nh5 10. d5 Ne7 11. Qc2 Rf8 12. c4 f5 13. Bh4 Nf4 14. Nc3 Nxd3 15.
Qxd3 Bf6 16. Bxf6 Rxf6 17. b4 h6 18. Nh4 f4 19. Nf3 g5 20. h3 Bd7 21. Nh2 h5
22. f3 a6 23. a4 Ng6 24. c5 Nh4 25. Rec1 Rg6 26. Ra2 g4 27. hxg4 hxg4 28. fxg4
Bxg4 29. Nxg4 Rxg4 30. Qh3 Qg5 31. Kh2 Rf8 32. Rcc2 Rf7 33. Nd1 Rh7 34. Kg1
Nxg2 35. Qxg4 Qxg4 36. Rxg2 Qxg2+ 37. Rxg2+ Kf7 38. Nf2 Rh8 39. Kf1 a5 40. cxd6
cxd6 41. bxa5 Rc8 42. Rh2 Kg7 43. Rh3 Rc1+ 44. Kg2 Ra1 45. Rb3 Rxa4 46. Rxb7+
Kf6 47. Rd7 Kg5 48. Rxd6 f3+ 49. Kxf3 Ra3+ 50. Kg2 Rxa5 51. Re6 Kf4 52. Rf6+
Ke3 53. Rf3+ Kd4 54. Rd3+ Kc5 55. d6 Ra8 56. d7 Rd8 57. Ng4 Kc6 58. Nxe5+ Kc7
59. Kf3 1-0

[Event "Regency Masters 6th"]
[Site "Ramsgate"]
[Date "1984.12.14"]
[Round "7"]
[White "Ady, Jonathan James"]
[Black "Jagerflod, Kent"]
[Result "1-0"]
[WhiteElo "2290"]
[BlackElo "1950"]
[PlyCount "33"]
[EventDate "1984.12.08"]
[EventType "swiss"]
[EventRounds "9"]
[EventCountry "ENG"]
[SourceTitle "BritBase"]
[Source "John Saunders"]
[SourceDate "2020.09.07"]
[SourceVersion "1"]
[SourceVersionDate "2020.09.07"]
[SourceQuality "2"]

1. e4 b6 2. d4 Bb7 3. Bd3 e6 4. Ne2 c5 5. c3 Be7 6. O-O Nf6 7. Nd2 d6 8. a3
Nbd7 9. Ng3 cxd4 10. cxd4 g6 11. Nc4 d5 12. exd5 Nxd5 13. Bh6 Bf8 14. Qd2 Qh4
15. Bg5 Qxd4 16. Rfe1 Nc5 17. Nd6+ 1-0

[Event "Regency Masters 6th"]
[Site "Ramsgate"]
[Date "1984.12.14"]
[Round "7"]
[White "Blees, Albert"]
[Black "Kuijf, Marinus"]
[Result "1-0"]
[WhiteElo "2275"]
[BlackElo "2335"]
[PlyCount "122"]
[EventDate "1984.12.08"]
[EventType "swiss"]
[EventRounds "9"]
[EventCountry "ENG"]
[SourceTitle "BritBase"]
[Source "John Saunders"]
[SourceDate "2020.09.07"]
[SourceVersion "1"]
[SourceVersionDate "2020.09.07"]
[SourceQuality "2"]

1. Nf3 Nf6 2. b3 d5 3. Bb2 Bg4 4. e3 Nbd7 5. h3 Bxf3 6. Qxf3 e6 7. d3 Bd6 8.
Nd2 Qe7 9. a3 O-O 10. g3 b5 11. Bg2 a5 12. e4 c6 13. O-O Be5 14. d4 Bc7 15.
Rfe1 a4 16. c4 bxc4 17. bxc4 Rfb8 18. Bc3 Qd8 19. Rab1 Ba5 20. Qe3 Qc7 21. Rec1
Qa7 22. Qd3 Qa6 23. Qc2 Bb6 24. Qa2 Qa7 25. exd5 cxd5 26. cxd5 Nxd5 27. Bxd5
exd5 28. Qxd5 Nf6 29. Qd6 Bc7 30. Qc6 Rb6 31. Rxb6 Bxb6 32. Rb1 Rb8 33. Nc4 Bc7
34. Rxb8+ Qxb8 35. Kg2 h6 36. d5 Ne4 37. Bb4 Nf6 38. Be7 Bd8 39. Bxf6 Bxf6 40.
d6 g6 41. d7 Kg7 42. Nd6 Be7 43. Nb7 Qa8 44. Qc8 Qa6 45. Qc3+ Bf6 46. Qc8 Qa7
47. Kg1 h5 48. Qc6 h4 49. d8=Q Bxd8 50. Nxd8 hxg3 51. Qc3+ Kg8 52. Qxg3 Qd7 53.
Qb8 Kh7 54. Qb6 Qxh3 55. Qf6 Qxa3 56. Nxf7 Qc1+ 57. Kg2 Qc8 58. Ng5+ Kh6 59.
Ne6 Qb7+ 60. Kh2 Kh7 61. Ng5+ Kh6 1-0

[Event "Regency Masters 6th"]
[Site "Ramsgate"]
[Date "1984.12.14"]
[Round "7"]
[White "Cuijpers, Frans Andre"]
[Black "Kosten, Anthony C"]
[Result "1/2-1/2"]
[WhiteElo "2365"]
[BlackElo "2420"]
[PlyCount "68"]
[EventDate "1984.12.08"]
[EventType "swiss"]
[EventRounds "9"]
[EventCountry "ENG"]
[SourceTitle "BritBase"]
[Source "John Saunders"]
[SourceDate "2020.09.07"]
[SourceVersion "1"]
[SourceVersionDate "2020.09.07"]
[SourceQuality "2"]

1. e4 e6 2. d4 d5 3. Nc3 Bb4 4. Nge2 dxe4 5. a3 Bxc3+ 6. Nxc3 Nc6 7. Bb5 Nge7
8. Bg5 f6 9. Be3 O-O 10. Qd2 f5 11. O-O-O Nd5 12. Bxc6 bxc6 13. Bf4 Nxf4 14.
Qxf4 Qd6 15. Qe5 Bd7 16. Na4 Be8 17. Nc5 Rf6 18. h3 Bg6 19. Rhe1 Re8 20. g3 Qe7
21. Na6 Rf7 22. Nb4 Qd6 23. Rd2 f4 24. g4 Ra8 25. Na6 Rd8 26. Nc5 Qe7 27. Rde2
Rd5 28. Qxe6 Rxd4 29. Qxe7 Rxe7 30. c3 Rc4 31. Nb3 e3 32. fxe3 Rce4 33. Kd2
Rd7+ 34. Kc1 Rde7 1/2-1/2

[Event "Regency Masters 6th"]
[Site "Ramsgate"]
[Date "1984.12.14"]
[Round "7"]
[White "De Boer, Gert Jan"]
[Black "Robertson, M AUS.."]
[Result "1-0"]
[WhiteElo "2335"]
[BlackElo "2050"]
[PlyCount "171"]
[EventDate "1984.12.08"]
[EventType "swiss"]
[EventRounds "9"]
[EventCountry "ENG"]
[SourceTitle "BritBase"]
[Source "John Saunders"]
[SourceDate "2020.09.07"]
[SourceVersion "1"]
[SourceVersionDate "2020.09.07"]
[SourceQuality "2"]

1. Nf3 Nf6 2. g3 g6 3. Bg2 Bg7 4. O-O O-O 5. c4 d6 6. d4 Nbd7 7. Nc3 c5 8. d5
a6 9. a4 b6 10. h3 Bb7 11. e4 Ne8 12. Bf4 Nc7 13. Re1 Ne5 14. Nxe5 dxe5 15. Be3
Qd6 16. a5 b5 17. b4 cxb4 18. c5 Qd8 19. Na2 f5 20. Nxb4 f4 21. gxf4 exf4 22.
Bd4 Bxd4 23. Qxd4 f3 24. Bf1 Ne6 25. Qc3 Nf4 26. Nd3 Nxd3 27. Qxd3 e5 28. c6
Qg5+ 29. Kh1 Bc8 30. d6 Be6 31. Re3 Bc4 32. Qd1 Be2 33. Rxe2 fxe2 34. Qxe2 Qd8
35. Qa2+ Kg7 36. Qd5 Rxf2 37. Qxe5+ Qf6 38. Qxf6+ Kxf6 39. Rd1 Ke6 40. e5 Rc2
41. c7 Kxe5 42. Bg2 Rc8 43. Bb7 R8xc7 44. dxc7 Rxc7 45. Bxa6 Ra7 46. Bxb5 Rxa5
47. Bf1 Rd5 48. Ra1 h5 49. Kg2 Rd6 50. Kg3 Kf6 51. Ra7 Kg5 52. Be2 Kh6 53. Bf3
Rf6 54. Be4 Rd6 55. Kf4 Re6 56. h4 Rd6 57. Ke5 Rb6 58. Bd3 Rc6 59. Rb7 Rc5+ 60.
Kd4 Rc6 61. Kd5 Rf6 62. Ke5 Rc6 63. Be4 Ra6 64. Rc7 Rb6 65. Ra7 Rb5+ 66. Kf6
Rb6+ 67. Kf7 Kh7 68. Ra8 Rd6 69. Ra4 Kh6 70. Rc4 Rb6 71. Bc6 Kh7 72. Be8 Rd6
73. Rf4 Ra6 74. Kf8 Rb6 75. Rf7+ Kh8 76. Ra7 Rf6+ 77. Bf7 Rb6 78. Ra4 Kh7 79.
Rd4 Kh8 80. Re4 Kh7 81. Re5 Rb4 82. Re6 Rg4 83. Rf6 Rxh4 84. Rxg6 Rg4 85. Rf6
Rg5 86. Be6 1-0

[Event "Regency Masters 6th"]
[Site "Ramsgate"]
[Date "1984.12.14"]
[Round "7"]
[White "Delanoy, Arnaud"]
[Black "Eslon, Jaan"]
[Result "0-1"]
[WhiteElo "2000"]
[BlackElo "2445"]
[PlyCount "68"]
[EventDate "1984.12.08"]
[EventType "swiss"]
[EventRounds "9"]
[EventCountry "ENG"]
[SourceTitle "BritBase"]
[Source "John Saunders"]
[SourceDate "2020.09.07"]
[SourceVersion "1"]
[SourceVersionDate "2020.09.07"]
[SourceQuality "2"]

1. d4 Nf6 2. c4 c5 3. d5 e5 4. Nc3 d6 5. e4 g6 6. Bd3 Bg7 7. Bg5 h6 8. Be3 Ng4
9. Bd2 f5 10. Be2 Nf6 11. exf5 gxf5 12. Bh5+ Kf8 13. Be2 a6 14. a4 Kg8 15. f3
Nbd7 16. Nh3 Nf8 17. g4 fxg4 18. fxg4 h5 19. Bg5 hxg4 20. Nf2 N8h7 21. Bh4 Nf8
22. Bg5 g3 23. hxg3 Rxh1+ 24. Nxh1 N8h7 25. Bh4 Qe8 26. g4 Qg6 27. Nf2 Qh6 28.
Bxf6 Nxf6 29. Qd2 Qh4 30. g5 Ng4 31. Bd3 Bd7 32. Nce4 Rf8 33. Bc2 Nxf2 34. Nxf2
e4 0-1

[Event "Regency Masters 6th"]
[Site "Ramsgate"]
[Date "1984.12.14"]
[Round "7"]
[White "Dunnington, Angus J"]
[Black "Ravikumar, Vaidyanathan"]
[Result "1/2-1/2"]
[WhiteElo "2325"]
[BlackElo "2385"]
[PlyCount "30"]
[EventDate "1984.12.08"]
[EventType "swiss"]
[EventRounds "9"]
[EventCountry "ENG"]
[SourceTitle "BritBase"]
[Source "John Saunders"]
[SourceDate "2020.09.07"]
[SourceVersion "1"]
[SourceVersionDate "2020.09.07"]
[SourceQuality "2"]

1. Nf3 Nf6 2. d4 e6 3. Bg5 c5 4. e3 Qb6 5. Nbd2 d5 6. Rb1 Nc6 7. c3 h6 8. Bh4
Be7 9. h3 Bd7 10. Bd3 Qc7 11. Bg3 Bd6 12. Bxd6 Qxd6 13. Bb5 O-O 14. Bxc6 Bxc6
15. Ne5 Nd7 1/2-1/2

[Event "Regency Masters 6th"]
[Site "Ramsgate"]
[Date "1984.12.14"]
[Round "7"]
[White "Forintos, Gyozo V"]
[Black "Bosboom, Manuel"]
[Result "1-0"]
[WhiteElo "2425"]
[BlackElo "2380"]
[PlyCount "137"]
[EventDate "1984.12.08"]
[EventType "swiss"]
[EventRounds "9"]
[EventCountry "ENG"]
[SourceTitle "BritBase"]
[Source "John Saunders"]
[SourceDate "2020.09.07"]
[SourceVersion "1"]
[SourceVersionDate "2020.09.07"]
[SourceQuality "2"]

1. d4 Nf6 2. c4 c5 3. d5 b5 4. a4 bxc4 5. Nc3 d6 6. e4 g6 7. Nf3 Bg7 8. Nd2 O-O
9. Nxc4 Ba6 10. a5 Nbd7 11. Be2 Bxc4 12. Bxc4 Rb8 13. Qe2 Rb4 14. O-O Qc7 15.
f4 Rfb8 16. Kh1 Kh8 17. Ra3 Ng8 18. Nd1 Bd4 19. b3 Ngf6 20. Bd2 Kg7 21. Re1 h5
22. Qd3 Qb7 23. Re2 Qc7 24. Bxb4 cxb4 25. Raa2 Bc5 26. Qg3 Rh8 27. Qh4 Bd4 28.
Red2 Qc5 29. Rd3 Re8 30. Qe1 Ng4 31. h3 Rh8 32. g3 Nh6 33. Kg2 Rc8 34. Nf2 Bc3
35. Rxc3 bxc3 36. Qxc3+ Kg8 37. Rc2 Rb8 38. Rc1 {[Bulletin gives 38 Re2 but
this is the only move which makes sense]} h4 39. g4 f6 40. Kf3 Nf7 41. Nd3 Qc7
42. Ba6 Qd8 43. b4 g5 44. Qc8 gxf4 45. Qxd8+ Nxd8 46. Nxf4 Rxb4 47. Rc8 Rb8 48.
Rxb8 Nxb8 49. Bc8 Kg7 50. Ng2 Nf7 51. Nxh4 Ng5+ 52. Kg2 Nxe4 53. Nf5+ Kf8 54.
h4 Ke8 55. Kf3 Nc5 56. h5 Nbd7 57. Bxd7+ Nxd7 58. h6 Nf8 59. Nd4 Kf7 60. Nc6 a6
61. Ke4 Nd7 62. Nxe7 Ne5 63. Nf5 Kg6 64. Nxd6 Kxh6 65. Kf5 Kg7 66. g5 Nd7 67.
Ne8+ Kf8 68. Nxf6 Nc5 69. d6 1-0

[Event "Regency Masters 6th"]
[Site "Ramsgate"]
[Date "1984.12.14"]
[Round "7"]
[White "Halpin, Patrick"]
[Black "Josephs, Ian"]
[Result "1/2-1/2"]
[WhiteElo "2200"]
[BlackElo "1800"]
[PlyCount "49"]
[EventDate "1984.12.08"]
[EventType "swiss"]
[EventRounds "9"]
[EventCountry "ENG"]
[SourceTitle "BritBase"]
[Source "John Saunders"]
[SourceDate "2020.09.07"]
[SourceVersion "1"]
[SourceVersionDate "2020.09.07"]
[SourceQuality "2"]

1. e4 d5 2. exd5 Nf6 3. c4 c6 4. Nc3 cxd5 5. cxd5 Nxd5 6. Nf3 Nc6 7. d4 e6 8.
Bd3 g6 9. O-O Bg7 10. Re1 O-O 11. Be4 Nf6 12. Bg5 Qb6 13. Qd2 Nxe4 14. Rxe4 Nb4
15. Bh6 f6 16. Rh4 Rf7 17. Re1 Bd7 18. Rhe4 Raf8 19. h4 Nd5 20. Nxd5 exd5 21.
R4e2 Bg4 22. Bxg7 Kxg7 23. Re3 Qd6 24. Qa5 b6 25. Qb5 1/2-1/2

[Event "Regency Masters 6th"]
[Site "Ramsgate"]
[Date "1984.12.14"]
[Round "7"]
[White "Hartoch, Robert"]
[Black "Fuller, Maxwell L"]
[Result "1/2-1/2"]
[WhiteElo "2365"]
[BlackElo "2335"]
[PlyCount "136"]
[EventDate "1984.12.08"]
[EventType "swiss"]
[EventRounds "9"]
[EventCountry "ENG"]
[SourceTitle "BritBase"]
[Source "John Saunders"]
[SourceDate "2020.09.07"]
[SourceVersion "1"]
[SourceVersionDate "2020.09.07"]
[SourceQuality "2"]

1. g3 d5 2. Bg2 g6 3. Nf3 Bg7 4. O-O Nf6 5. b3 Ne4 6. c3 O-O 7. Qc2 c5 8. d3
Nd6 9. Nbd2 Nc6 10. Bb2 e5 11. e4 d4 12. cxd4 cxd4 13. Nc4 b5 14. Nxd6 Qxd6 15.
Nxe5 Nxe5 16. f4 Be6 17. fxe5 Bxe5 18. Rac1 Rac8 19. Qd2 b4 20. Rxc8 Rxc8 21.
Rc1 Rxc1+ 22. Bxc1 Qc5 23. Bf3 f6 24. Bd1 a5 25. Qc2 Qd6 26. Qf2 g5 27. Kg2 Kg7
28. Qc2 Kg6 29. Qe2 Kg7 30. Bd2 h6 31. Be1 Bd7 32. Qc2 g4 33. Qf2 h5 34. Bd2 h4
35. Bf4 h3+ 36. Kg1 Qc5 37. Qc2 Qxc2 38. Bxc2 Bxf4 39. gxf4 f5 40. Kf2 Kg6 41.
Kg3 Kh5 42. e5 Bb5 43. Bb1 a4 44. Bc2 a3 45. Bb1 Bc6 46. Bc2 Bf3 47. Kf2 Kh4
48. Kg1 Be2 49. Kf2 g3+ 50. hxg3+ Kg4 51. e6 h2 52. Kg2 h1=Q+ 53. Kxh1 Kxg3 54.
e7 Bh5 55. Bd1 Be8 56. Kg1 Kxf4 57. Kf2 Kg5 58. Kg3 Bd7 59. Be2 Bb5 60. Kf3
Bc6+ 61. Kg3 f4+ 62. Kh3 Be8 63. Kg2 Bd7 64. Bd1 Kf6 65. Kf3 Kf5 66. Kf2 Be8
67. Kg2 Bf7 68. Kh3 Kg5 1/2-1/2

[Event "Regency Masters 6th"]
[Site "Ramsgate"]
[Date "1984.12.14"]
[Round "7"]
[White "Hodgson, Julian M"]
[Black "Gil Capape, Javier"]
[Result "1/2-1/2"]
[WhiteElo "2450"]
[BlackElo "2175"]
[PlyCount "85"]
[EventDate "1984.12.08"]
[EventType "swiss"]
[EventRounds "9"]
[EventCountry "ENG"]
[SourceTitle "BritBase"]
[Source "John Saunders"]
[SourceDate "2020.09.07"]
[SourceVersion "1"]
[SourceVersionDate "2020.09.07"]
[SourceQuality "2"]

1. e4 c6 2. d4 d5 3. f3 dxe4 4. fxe4 e5 5. Nf3 Be6 6. c3 Nd7 7. Bd3 h6 8. O-O
Qc7 9. Nbd2 O-O-O 10. Nc4 f6 11. Be3 Kb8 12. Qe2 g5 13. Qf2 Ka8 14. dxe5 fxe5
15. a4 Ngf6 16. Ncxe5 Nxe5 17. Nxe5 Rxd3 18. Qxf6 Bg7 19. Qxe6 Bxe5 20. Bd4
Bxd4+ 21. cxd4 Rxd4 22. Qf6 Qd8 23. e5 Qxf6 24. exf6 Kb8 25. Rae1 Kc7 26. f7
Rf8 27. Re8 Rd8 28. Rxf8 Rxf8 29. Rf6 h5 30. Rf5 g4 31. g3 Kd6 32. Rxh5 Rxf7
33. Rg5 Rf3 34. Rxg4 Rb3 35. h4 Rxb2 36. h5 Re2 37. h6 Re8 38. Rg6+ Ke5 39. g4
b5 40. axb5 cxb5 41. g5 b4 42. Rg7 b3 43. Rb7 1/2-1/2

[Event "Regency Masters 6th"]
[Site "Ramsgate"]
[Date "1984.12.14"]
[Round "7"]
[White "King, Daniel J"]
[Black "Nicholson, John G"]
[Result "0-1"]
[WhiteElo "2435"]
[BlackElo "2295"]
[PlyCount "92"]
[EventDate "1984.12.08"]
[EventType "swiss"]
[EventRounds "9"]
[EventCountry "ENG"]
[SourceTitle "BritBase"]
[Source "John Saunders"]
[SourceDate "2020.09.07"]
[SourceVersion "1"]
[SourceVersionDate "2020.09.07"]
[SourceQuality "2"]

1. d4 Nf6 2. Nf3 c5 3. d5 g6 4. Nc3 Bg7 5. e4 O-O 6. a4 d6 7. Be2 Na6 8. O-O
Nc7 9. Bf4 a6 10. Nd2 Rb8 11. a5 b5 12. axb6 Rxb6 13. Nc4 Rb4 14. f3 Nd7 15.
Qd2 Nb6 16. Nxb6 Rxb6 17. Ra2 e5 18. dxe6 Bxe6 19. b3 Nb5 20. Na4 Rc6 21. Bh6
Bxh6 22. Qxh6 Nd4 23. Bd1 c4 24. Qe3 Qf6 25. f4 Rb8 26. Rb2 c3 27. Ra2 Bxb3 28.
cxb3 c2 29. Bxc2 Nxc2 30. Qf2 Nd4 31. e5 dxe5 32. fxe5 Qxf2+ 33. Raxf2 Rxb3 34.
Rf6 Ne6 35. R6f3 Rb4 36. Rc3 Rcc4 37. Rxc4 Rxc4 38. Nb6 Rc6 39. Nd5 Kg7 40. Nf6
Nc7 41. Ne4 Re6 42. Nd6 Re7 43. Rc1 Nb5 44. Rf1 Nxd6 45. exd6 Rd7 46. Rd1 Kf6
0-1